00413nam a2200181Ia 4500003000900000008004100009040001300050040001300063041000800076100002300084245004600107250001200153260001300165260000900178300001000187490000600197600002800203IT-RoPAU120407s9999 xx 000 0 und d aIT-RoPAU cIT-RoPAU aita aGiovanni Di Napoli aManuale Philosophiae ad usum Seminariorum aTorino  aMarietti c1963 c25 cm v1 a 1. Filosofia . Manuali